|
|
|
|
| LEADER |
00000nam a22000007a 4500 |
| 005 |
20211125210642.0 |
| 007 |
cr|||| |||| |
| 008 |
211125c20109999za fr|w s|||| 0|||b1eng d |
| 022 |
|
|
|a 2219-6412
|
| 035 |
|
|
|a 33749
|
| 040 |
|
|
|a vLex
|
| 090 |
|
|
|c 12690
|d 12690
|
| 245 |
0 |
0 |
|a Southern African Public Law
|h [Recurso electrn̤ico] /
|
| 256 |
|
|
|a Servicio en ln̕ea
|
| 260 |
|
|
|a Pretoria:
|b Sabinet African Journals,
|c 2010 -
|
| 300 |
|
|
|a 1 recurso electrn̤ico
|
| 310 |
|
|
|a Semestral
|
| 500 |
|
|
|a SAPL aims to provide academics and intellectuals from Southern Africa and Africa in general a forum for discursive deliberation and debate on matters relating to public law. The journal welcomes contributions dealing with topics in constitutional and administrative law, legal philosophy, legal and constitutional theory, law and government law and closely related fields. The journal encourages a multi-, inter-, and transdisciplinary approach to these various facets of public law. The journal also welcomes book reviews on topical subjects in the field of public law. This journal continues SA Publiekreg = SA Public Law.
|
| 506 |
1 |
|
|a Disponible solo en los productos indicados
|d vLex Global
|d vLex Global (Academic Edition, excluding Law Schools)
|d vLex Global (U.S. Academic Edition, Law Schools)
|d vLex Global (U.S. Academic Edition, excluding Law Schools)
|d vLex Global (Academic Edition, Law Schools)
|
| 650 |
0 |
4 |
|a Derecho Constitucional
|z Sudf̀rica
|
| 740 |
0 |
|
|a vLex Revistas (Servicio en ln̕ea)
|
| 856 |
4 |
0 |
|u https://app.vlex.com/#/sources/33749
|z Acceso restringido
|
| 942 |
|
|
|c REV
|
| 999 |
0 |
|
|a Constitutional right
|